00726nam a2200241Ia 4500003000400000005001700004008004100021020001400062040000700076041000800083082002000091100002400111245002600135260004200161300001600203365001300219650002100232650003200253906002400285942001200309999001900321952014400340OSt20230403110704.0210423s2000 xx 000 0 und d a195652185 cAL aeng a338.19 OSMS223 aOSMANI (S R)982407 aNutrition and poverty aOxfordbOxford University Pressc2000 axiv,366bPB b350cINR aEconomics982408 aProduction Economics982409 aNutrition ; poverty 2ddccBK c158575d158575 001040708ECOaSACPGbSACPGd2010-08-05eAthulya Booksg350.00l1o338.19 OSMSpPG005052r2022-08-24 00:00:00s2021-10-23w2021-04-26yBK